[Event "WCC Playoffs"]
[Site "Elista RUS"]
[Date "2006.10.13"]
[Round "3"]
[White "Topalov, Veselin"]
[Black "Kramnik, Vladimir"]
[Result "1-0"]
[WhiteElo "2813"]
[BlackElo "2743"]
[Annotator "Moskalenko, V"]
[PlyCount "99"]
[EventDate "2006.10.13"]
[EventType "match (rapid)"]
[EventRounds "4"]
[EventCountry "RUS"]
[Source "EDAMI"]
[SourceDate "2006.12.20"]

{El ajedrez sin ataques será aburrido. Veselin Topalov gano su mágica
reputación y muchos corazones de los aficionados, gracias a sus ataques. Sus
rivales no aguantan la velocidad (la marcha) cuando Veselin empieza a
desarrollar la iniciativa...} 1. d4 d5 2. c4 c6 3. Nf3 Nf6 4. e3 Bf5 5. Nc3 e6
6. Nh4 Bg6 7. Be2 Nbd7 8. O-O Bd6 9. g3 dxc4 10. Bxc4 Nb6 11. Be2 O-O 12. Nxg6
hxg6 13. e4 $146 e5 14. f4 $1 {
Diagrama # El avance f2-f4 es habitual de Topalov contra esta apertura.} exd4
15. Qxd4 Qe7 16. Kg2 Bc5 17. Qd3 Rad8 18. Qc2 Bd4 $1 {
Las negras igualaron el juego.} 19. e5 Nfd5 20. Rf3 Nxc3 $6 {Muy precipitado.}
(20... g5 $5) (20... Qe6 $5) 21. bxc3 Bc5 22. Bd2 $14 {
Sigue el juego complejo, donde las pespectivas de blancas son mejores.} Rd7 23.
Re1 Rfd8 24. Bd3 Qe6 25. Bc1 f5 {Diagrama # Es un intento del bloqueo, pero
debilita mucho la posición de su rey. Con el límite del tiempo no era tan
fácil encontrar algún plan diferente.} 26. Qe2 Kf8 27. Rd1 Qe7 28. h4 $1 {
Comienzan los ataques a la fortaleza de las negras. El juego de Veselin es
imparable en estas situaciones.} Rd5 29. Qc2 (29. Rh1 $1) 29... Nc4 30. Rh1 $1
Na3 31. Qe2 Qd7 32. Rd1 (32. e6 $1) 32... b5 33. g4 $1 fxg4 34. Rg3 Ke7 $2 {
Se defiende contra el avance directo e5-e6, pero permite una combinación
fantástica.} ({Si} 34... Nb1 35. e6 Qe7 36. Bb2 $36) ({
Era interesante aguantar con} 34... Qe6 $5 35. Rf1 Nc4 {y todo muy complicado})
35. f5 $3 {El rey de las negras esta en una zona del peligro y Topalov abre el
fuego, disparando con sus alfiles.} gxf5 36. Bg5+ Ke8 (36... Kf8 37. Bxf5 $1
Qxf5 38. Rf1 $18) (36... Ke6 $2 37. Bxf5+ $18) 37. e6 {Diagrama #} Qd6 ({
Los variantes realmente espectaculares surgen en caso de} 37... Qc7 38. Rxg4 $3
fxg4 (38... Be7 39. Bxf5 $3 Rxf5 40. Rgd4 $1 Bxg5 41. Rd7 $1 $18) 39. Bg6+ Kf8
40. Rxd5 cxd5 (40... Rxd5 41. e7+ $1 Bxe7 42. Qe6 $1 $18) 41. Qxg4 Qe5 42. Qf3+
$18) 38. Bxf5 $1 ({Pero no} 38. Bxd8 $2 Kxd8 $17) 38... Rxd1 39. Bg6+ Kf8 40.
e7+ Qxe7 41. Bxe7+ Bxe7 42. Bd3 $1 $18 {
El resto es la muestra de un trabajo técnico...} Ra1 43. Qb2 Rd1 44. Qe2 Ra1
45. Qxg4 Rxa2+ 46. Kh3 Bf6 47. Qe6 ({O también} 47. Qb4+) 47... Rd2 48. Bg6
R2d7 49. Rf3 $1 b4 50. h5 $1 {Bueno, muchos campeones podrían desear jugar
como Veselin Topalov en esta partida!} 1-0

[Event "WCC Playoffs"]
[Site "Elista RUS"]
[Date "2006.10.13"]
[Round "4"]
[White "Kramnik, Vladimir"]
[Black "Topalov, Veselin"]
[Result "1-0"]
[WhiteElo "2743"]
[BlackElo "2813"]
[Annotator "Moskalenko, V"]
[PlyCount "89"]
[EventDate "2006.10.13"]
[EventType "match (rapid)"]
[EventRounds "4"]
[EventCountry "RUS"]
[Source "EDAMI"]
[SourceDate "2006.12.20"]

{La partida decisiva del playoff (y también de todo match mundial!) nos
muestra claramente la imagen de estilo de nuevo campeón del mundo. Es
sobretodo jugador con una impresionante técnica.} 1. d4 d5 2. c4 c6 3. Nf3 Nf6
4. Nc3 e6 5. e3 Nbd7 6. Bd3 dxc4 7. Bxc4 b5 8. Be2 Bb7 9. O-O Be7 10. e4 b4 11.
e5 bxc3 12. exf6 Bxf6 13. bxc3 c5 14. dxc5 Nxc5 $5 $146 {Diagrama # Recuperar
peón en seguida, solo permitieron las computadoras (del torneo CEGT 2005).
Seres humanos siempre optaban por 14...0-0.} 15. Bb5+ Kf8 $8 16. Qxd8+ $5 {
La estrategia de Vladimir Kramnik es evidente. De esta manera ha conseguido
muchos éxitos jugando mejor las posiciones sin damas. El ''secreto'' principal
de estas situaciones esta en que empiezan a influir otras normas de estrategia
y táctica, mientras que muchos jugadores continúan jugando con las normas
anteriores...} ({Muy complicado} 16. Ba3 Qc7 $1 $13 ({pero no:} 16... Rc8 17.
Qxd8+ Bxd8 18. Ne5 $1 $36) (16... Be7 17. Ne5 $1 $36)) 16... Rxd8 17. Ba3 Rc8 (
17... Be7 18. Ne5 $1 $36) 18. Nd4 (18. Rab1 $5) 18... Be7 19. Rfd1 $2 {
Era mejor Rb1} a6 $2 {
El alfil en b5 no molestaba mucho, pero peón en a6 se queda débil.} ({Ahora} 
19... Ne4 $1 {y contrajuego de negras también es peligroso.}) 20. Bf1 {
La posición esta complicada.} Na4 $6 {Durante todo el match en Kalmikia
Topalov tomo muchas decisiones importantes muy precipitadamente, pero esa
confianza casi no tenía sus fundamentos.} (20... Ne4 $5 21. Rab1 $1 Bd5 22. Bb4
Bxb4 23. cxb4 Ke7 $11) 21. Rab1 $1 {Diagrama # Fue gran sorpresa para todos
los observadores en el Chat de ICC! A partir de este momento la iniciativa
sigue en manos de Kramnik.} Be4 (21... Bd5 $5 22. Bb4 $14) (21... Bxa3 $2 22.
Rxb7 $36 Nxc3 $2 23. Rd3 $18) 22. Rb3 $1 $14 {
Ahora las blancas estan muy sólidas, jugando solo a dos resultados.} Bxa3 ({
O bién} 22... Bd5 23. c4 $1) 23. Rxa3 Nc5 24. Nb3 $1 ({Era interesante} 24. f3
$5 {con la idea de} Bd5 25. Ra5 Ke7 26. Nf5+ Kf6 27. Ne3 $1 $16) 24... Ke7 25.
Rd4 $1 {Las blancas activaron sus piezas al máximo, pero su rey todavía esta
muy pasivo. Esta regla permite a negras buscar posibilidades de un escape.} Bg6
26. c4 $1 (26. Nxc5 $6 Rxc5 27. Bxa6 Ra8 $132) 26... Rc6 $2 {
Puede ser error decisivo.} ({La mejor defensa era intentar activarse jugando} 
26... Nxb3 $5 27. axb3 Rhd8 $1) 27. Nxc5 Rxc5 28. Rxa6 Rb8 29. Rd1 $1 {
Es lo más seguro.} Rb2 30. Ra7+ Kf6 31. Ra1 Rf5 {Los ataques no sirven aquí.} (
31... Bb1 $5) 32. f3 Re5 {Diagrama #} 33. Ra3 $1 {
Llegan momentos culminantes del match mundial!} (33. a4 $2 Bb1 $3 $132) 33...
Rc2 $6 {Quedan pocas alternativas para salvar la partida.} (33... Bb1 $2 34.
Rb3 $1 Rxb3 35. axb3 $18) (33... Bc2 34. Rc3 $16) 34. Rb3 Ra5 35. a4 Ke7 36.
Rb5 $1 Ra7 37. a5 Kd6 38. a6 Kc7 39. c5 Rc3 40. Raa5 Rc1 41. Rb3 Kc6 42. Rb6+
Kc7 43. Kf2 Rc2+ (43... Rxc5 $4 44. Rb7+ $1 Rxb7 45. Rxc5+ Kb6 46. axb7 $18)
44. Ke3 Rxc5 $2 {(!) Una forma dramática de abandonar.} ({
La posición esta completamente ganada para blancas. Por ejemplo,} 44... e5 45.
Rab5 Rc3+ 46. Kd2 Rc2+ 47. Kd1 Ra2 48. Rb7+ Rxb7 49. axb7 Kb8 50. c6 Rc2 51.
Rb6 $18) 45. Rb7+ $1 {Una gran victoria del nuevo campeón mundial...} 1-0

[Event "KO"]
[Site "Cap d'Agde FRA"]
[Date "2006.10.30"]
[Round "1.1"]
[White "Karjakin, Sergey"]
[Black "Zhao Xue"]
[Result "1-0"]
[WhiteElo "2672"]
[BlackElo "2467"]
[Annotator "Martin, A"]
[PlyCount "87"]
[EventDate "2006.10.30"]
[Source "EDAMI"]
[SourceDate "2006.12.20"]

1. e4 e5 2. Nf3 Nc6 3. Bb5 a6 4. Ba4 Nf6 5. O-O Be7 6. Re1 b5 7. Bb3 d6 8. c3
O-O 9. h3 Nb8 10. d4 Nbd7 11. Nbd2 Bb7 12. Bc2 c5 ({Más habitual es} 12... Re8
{
con idea de realizar la maniobra ...Bf8 , g6 , Bg7 para finalmente jugar ...d5.
}) 13. d5 ({Cerrar el centro es natural, pero las blancas no necesitan
apresurarse con ello y también se ha jugado} 13. Nf1) 13... c4 ({esto deja la
casilla c5 para el caballo, pero también tiene algunos inconvenientes, como
debilitar el control sobre "d4" especialmente si más tarde las blancas juegan
f2-f4. La continuación más utilizada es} 13... g6 14. Nf1 Nh5) 14. Nf1 Qc7 15.
g4 Rfb8 {Las negras buscan su contrajuego en el flanco de dama, cediendo al
mismo tiempo la casilla f8 para retirar su alfil en respuesta a Nf5. Este plan
ha sido empleado en varias ocasiones por el GM búlgaro Delchev} 16. Ng3 a5 ({
En una partida Di Paolo,R - Delchev,A. Genova, 2003 las negras jugaron} 16...
Nc5 {y tras} 17. g5 Ne8 18. Nf5 Bf8 19. Nh2 Bc8 20. Ng4 a5 {se llegó a la
misma posición que en la presente partida, por transposición de movimientos.})
17. g5 Ne8 18. Nh2 ({También es interesante el plan utilizado en la partida
Stellwagen,D - Li Chao. del reciente Cto. Mundial juvenil. Yerevan, 2006 que
siguió} 18. Nf5 Bf8 19. Kh2 Nc5 20. Rg1 Bc8 21. h4 b4 22. h5 g6 23. Nh6+ Bxh6
24. gxh6 Nf6 25. Nh4 Qd7 26. Qf3 Nxh5 27. Rg5 {
con juego complicado, aunque la posición negra parece satisfactoria.}) 18...
Bc8 19. Ng4 Nc5 20. Nf5 Bf8 21. a3 ({Formalmente una novedad, con la que las
blancas quieren limitar el contrajuego negro en el flanco de dama. En la
mencionada partida Di Paolo-Delchev se jugó} 21. Kh2 b4 22. Rg1 Kh8 23. Qf3 a4
{pero las blancas eligieron un plan erróneo con} 24. Qg3 b3 25. Nf6 $2 Bxf5 $1
26. exf5 gxf6 27. gxf6 Nxf6 28. Bg5 Bg7 29. Bh4 Nh5 30. Qg4 f6 31. Qxh5 bxc2 {
y las negras ganaron.}) 21... Ra7 (21... b4 22. axb4 axb4 23. Rxa8 Rxa8 24.
cxb4 Na6 25. Bd2 {es favorable a las blancas, ya que c4 también es débil.}) 22.
Bd2 Qd8 23. Qf3 Kh8 24. h4 {La posición comienza a ser delicada para las
negras, pues su contrajuego en el flanco de dama ha quedado detenido, mientras
que en el de rey las blancas pueden progresar. La siguiente jugada parece
bastante dudosa.} g6 ({Deja varias casillas débiles.} 24... f6 {
era a considerar.}) 25. Nfh6 Qe7 ({Los caballos blancos son muy amenazadores y
por ello parecía preferible eliminar uno de ellos con} 25... Bxg4 26. Nxg4 Bg7
{aunque la ventaja de las blancas es indudable.}) 26. Kg2 Bxh6 ({Pero hacer
e cambio no parece muy aconsejable, pues el caballo sigue en una posición
amenazadora y desaparece el alfil que mejor defendía el enroque. Era a
considerar} 26... Bg7 {y si} 27. Rh1 f5 28. exf5 gxf5 29. Nxf5 e4 30. Qf4 Qf8 {
con juego complicado, aunque las perspectivas de las blancas parecenpreferibles
}) 27. Nxh6 Ng7 28. Qf6 $1 {Una interesante idea. Probablemente Karjakin ya ha
visto la red de mate que se dará en la partida. Evidentemente las negras
tienen que cambiar las damas.} Qxf6 29. gxf6 Nh5 30. Bg5 {Aparentemente la
posición negra es inexpugnable, pero pronto veremos que no es así.} Ba6 ({
Es dificil sugerir algo, pues} 30... Rab7 {
es inútil pues, atadas a la defensa de "f7" las negras no pueden jugar ...b4.})
31. Bd1 $1 Nd3 ({Parece natural, pero en vista de lo que sigue, resultará
insuficiente. Pero la alternativa} 31... Nf4+ 32. Bxf4 exf4 33. Bc2 Re8 34. Kf3
{da a las blancas un juego bastante fácil para explotar su ventaja.}) 32. Bxh5
$1 {la clave de toda la idea. Si las blancas retiraban su torre atacada, las
negras coilocaban su caballo en f4 con una posición muy sólida.} Nxe1+ 33. Rxe1
gxh5 34. Rg1 {Ahora se comprueba que la idea de Karjakin encerraba un profundo
veneno. Las blancas quieren quitar su alfil a e3, ganando un tiempo y luego su
rey de g2 y las dos torres negras quedan atadas a la defensa. Imaginemos que
sólo una torre negra defiende desde f8 y entonces podría seguir el remate 1.
Rg1-g8+! Rxg8 2.Nxf7 mate.} Rf8 35. Kh2 Bc8 36. Be3 Rb7 37. Rg7 {Ahora no se
ve cómo las negras pueden mejorar su posición. Las amenazas de las blancas son
lentas, pero imparables.} Bg4 38. Kg3 ({Por supuesto, podía jugarse} 38. f4 {
pero las blancas tienen todo el tiempo y no desean dar la oportunidad de
contraataque ...Bf3.}) 38... Bc8 39. f4 a4 (39... exf4+ 40. Bxf4 Rd7 41. Kh2 {
y no hay defensa contra 42.Bxd6! Rxd6 43.Rg8+! Rxg8 44.Nxf7 mate.}) 40. fxe5
dxe5 41. Bc5 Re8 42. Kf2 ({Hay varias formas de ganar.} 42. Rg5 {
seguido de 43.Be7 era otra posibilidad, incluso más efectiva.}) 42... Bg4 43.
Nxf7+ Rxf7 44. Rxf7 1-0

[Event "KO"]
[Site "Cap d'Agde FRA"]
[Date "2006.11.02"]
[Round "3.2"]
[White "Radjabov, Teimour"]
[Black "Karjakin, Sergey"]
[Result "1-0"]
[WhiteElo "2729"]
[BlackElo "2672"]
[Annotator "Martin, A"]
[PlyCount "65"]
[EventDate "2006.10.30"]
[Source "EDAMI"]
[SourceDate "2006.12.20"]

1. e4 c5 2. Nf3 d6 3. d4 cxd4 4. Nxd4 Nf6 5. Nc3 a6 6. Bg5 e6 7. f4 Qb6 {
La variante del peón envenenado que tiempo atrás fue muy popular, sobre todo
gracias a los esfuerzos de Bobby Fischer, aunque también Kasparov la adoptó en
bastante ocasiones. Hoy día no es muy frecuente verla, pero no debido a que
haya sido ni mucho menos refutada, sino porque con el auge del Ataque Inglés
(6.Be3) todas las líneas derivadas de 6.Bg5 han pasado a un segundo plano.} 8.
Qd2 Qxb2 9. Rb1 Qa3 10. e5 ({La continuación más antigua que era muy empleada
a principios de los años 60 para ser posteriormente abandonada en favor de} 10.
f5 {De todas formas, para una partida semirrápida como la presente, y entre
dos jugadores jóvenes, que ni siquiera habían nacido cuando la variante era
popular, esta elección podría ser considerada como un intento ocasional de
sorprender al adversario si no fuera porque un mes antes, en el campeonato
mundial de partidas rápidas celebrado en Israel, Radjabov le había ganado una
bonita miniatura a Anand empleando esta misma línea.}) 10... dxe5 11. fxe5 Nfd7
12. Ne4 ({Otra vieja continuación, conocida desde una partida Tal-Tolush de
1956, pero que se considera poco menos que refutada. Posteriormente se utilizó
} 12. Bc4 {pero tampoco lograron nada las blancas tras} Bb4 13. Rb3 Qa5) 12...
h6 $1 ({La mejor réplica. La mencionada partida Tal-Tolush siguió} 12... Qxa2
13. Rb3 Qa1+ 14. Kf2 Qa4 {y el mago de Riga continuó de modo espectacular con}
15. Bb5 $1 axb5 16. Nxb5 f6 17. exf6 gxf6 18. Re1 $1 Ra6 19. Bxf6 Nxf6 20.
Nxf6+ {y las blancas consiguieron un ataque irresistible. Dos años más tarde,
el propio Tolush mejoró la línea con la interposición de la jugada 12...h6.})
13. Bh4 ({También se ha empleado la sorprendente continuación} 13. Bb5 {
pero sin resultados satisfactorios después de} hxg5) 13... Qxa2 ({Considerado
lo mejor. Con la rapidez que en nuestros días se transmite la información,
probablemente Karjakin estaba al corriente de lo que eligió Anand en la
partida mencionada:} 13... Qa4 14. Be2 Nc6 $1 ({
un error, pero tampoco la relativamente mejor} 14... g5 {es muy satisfactoria.}
) 15. Nxe6 $1 g5 16. Nf6+ {y las negras abandonaron, pues sigue mate tras} Nxf6
17. Nc7+ Ke7 18. Qd6# {Radjabov,T - Anand,V.   World Blitz Rishon Le Zion 2006.
}) 14. Rd1 ({Formalmente no es una novedad, pues ya se conocía una partida con
esta jugada, pero habitualmente las blancas jugaban} 14. Rb3 {donde después de}
Qa1+ 15. Kf2 Qa4 {
la inclusión de las jugadas ...h6 y Bh4 favorece a las negras. Por ejemplo si}
16. Bb5 {
a semejanza de la ya mencionada partida Tal-Tolush, las negras pueden jugar}
axb5 17. Nxb5 Bc5+ $1 18. Nxc5 Qxh4+ 19. g3 Qd8 {con ventaja. Así precisamente
fue la partida Korchnoi-Tolush. Riga 1958 que también hemos mencionado
anteriormente.}) 14... Qb2 ({Pero esto sí es nuevo, aunque es dificil decir si
fue improvisación sobre el tablero o si Karjakin había preparado toda la línea.
El único ejemplo conocido, Nataf,I - Perunovic,M. Herceg Novi, 2005, había
seguido} 14... Nc6 15. Nxc6 bxc6 16. Be2 (16. Bd3 {es una posible mejora.})
16... Qa4 17. Qf4 Qa5+ 18. c3 {
y ahora en lugar de 18...g5, las negras podían jugar} Bc5 {
con un juego completamente satisfactorio.}) 15. Qe3 ({Si} 15. Be2 Bb4 {
forzaría el cambio de damas, ya que la continuación espectacular} 16. O-O Bxd2
17. Nd6+ Kf8 18. Rxf7+ Kg8 19. Nxe6 Qxe5 {es ganadora para las negras.}) 15...
Bc5 16. Be2 Nc6 17. c3 ({Aquí existe otra continuación brillante} 17. Nxe6 $5 {
pues ni la dama ni el caballo pueden capturarse. Pero la intermedia} Qb4+ (
17... fxe6 18. Bh5+ Kf8 19. Rf1+ Kg8 20. Bf7+ Kh7 21. Ng5+ hxg5 22. Qe4+) {
protege al mismo tiempo el punto d6. De todas formas, tras} 18. c3 Bxe3 19.
Nc7+ Kf8 20. cxb4 Rb8 21. e6 {
las posibilidades de las blancas parecen superiores.}) 17... Qa3 18. O-O O-O ({
No es fácil encontrar el motivo por el que Karjakin renunció a la continuación
natural} 18... Nxd4 {probablemente solo hubiera llevado a una transposición de
jugadas respecto a la partida despues de} 19. Rxd4 Bxd4 20. Qxd4 O-O {
aunque ahora tras} 21. Nf6+ {las negras, además de 21...Nxf6 que transpondría
a la posición de la partida, podrían elegir} gxf6 {y la amenaza de cambiar
damas con ...Qc5 no da tiempo de recapturar en f6. Sin embargo, las blancas
con} 22. Qg4+ Kh8 (22... Kh7 23. Bd3+ f5 24. Rxf5) 23. Qf4 Qc5+ 24. Kh1 Kh7 25.
Bxf6 {logran una posición donde a pesar de su desventaja material, tienen
amenazas muy dificiles de neutralizar.}) 19. Nf6+ $1 Nxf6 ({Naturalmente si} 
19... gxf6 $2 20. exf6 {la amenaza Qxh6 es decisiva pues si} Kh7 21. Bd3+) 20.
Bxf6 Nxd4 21. Rxd4 Bxd4 22. Qxd4 gxf6 $2 ({Tras esto las negras no parece que
puedan salvar la partida. La continuación crítica es} 22... Re8 {con idea de
defender el punto g7 con Qf8. Es posible que la posición activa de las piezas
blancas sean suficiente compensación , pero no es fácil demostrarlo. Pero tras
la continuación de la partida, la ventaja pasa indudablemente al lado de las
blancas.} 23. Bd3 (23. Rf3) 23... gxf6 24. exf6 Kf8 25. Bh7 e5 26. Qd2 Qc5+ 27.
Kh1 Re6 {y la partida termina en tablas tras} 28. Qd8+ Re8 29. Qd2 Re6) ({
Tampoco era suficiente} 22... Bd7 {debido a} 23. Qg4 g6 24. Qh3 $1 Kh7 (24...
Qc5+ 25. Kh1 Kh7 26. Rf4 {con la amenaza 27.Qxh6+!}) 25. Bg5 ({ahora falla} 25.
Rf4 $4 Qc1+) 25... h5 26. Bxh5 $1 {con ataque decisivo.}) 23. exf6 Qa5 ({
Forzado pues} 23... e5 24. Qe3 Rd8 25. Qxh6 Qf8 26. Qg5+ Kh8 27. Qh5+ Kg8 28.
Rf3 {pierde enseguida.}) 24. h4 Kh7 ({No es mejor} 24... Rd8 25. Qg4+ Kf8 26.
Qg7+ Ke8 27. Qg8+ Kd7 28. Qxf7+ Kc6 29. Bf3+ {con ataque ganador.}) 25. Bd3+
Qf5 ({También después de} 25... Kh8 26. Qe4 {
las negras tienen que dar su dama con} Qf5 {y en circunstancias que no son
mejores que las de la partida, pues las blancas pueden jugar} 27. Qb4 $1 {
seguido de 28.Bxf5.}) 26. Re1 ({
Evidentemente la ventaja de las blancas ya es decisiva, y} 26. Rf3 {
era otra continuación ganadora y probablemente más directa.}) 26... Rg8 27. Kh2
a5 28. g4 Qxd3 29. Qxd3+ Kh8 30. Re5 Rxg4 31. Rh5 Rg6 32. Qd8+ Kh7 33. Qe7 1-0